000 00336nam a22001457a 4500
003 OSt
005 20220210143304.0
008 220210b |||||||| |||| 00| 0 eng d
020 _a139780135015209
040 _cH U
082 _27th
_a624.15136
100 _aLiu Cheng
_929946
245 _aSoil And Foundations
942 _2ddc
_cBOOKS
_n0
999 _c29867
_d29867